[Event "Mersin op 7th"]
[Site "Mersin"]
[Date "2023.11.16"]
[Round "7"]
[White "Rasulov, Vugar Ural Oglu"]
[Black "Baradaran Tamadon, Arian"]
[Result "1-0"]
[WhiteElo "2544"]
[BlackElo "2202"]
[PlyCount "69"]
[EventDate "2023.11.12"]
[EventType "swiss"]
[EventRounds "9"]
[EventCountry "TUR"]
[SourceTitle "CB47_2023"]
[SourceDate "2023.11.22"]
[SourceVersion "1"]
[SourceVersionDate "2023.11.22"]
[SourceQuality "1"]

1. e4 c5 2. Nf3 e6 3. d4 cxd4 4. Nxd4 Nc6 5. Nc3 Qc7 6. Be3 a6 7. a3 b5 8. Nxc6 Qxc6 9. Be2 Bb7 10. Qd2 Qc7 11. Bf4 Qb6 12. 0-0 d6 13. Rfd1 Nf6 14. Bxd6 Rd8 15. e5 Bxd6 16. exd6 Bc6 17. Bf1 0-0 18. Qd4 Qb7 19. Qb4 Ra8 20. Rd3 Rfd8 21. Rad1 Qb6 22. Qd4 Qxd4 23. Rxd4 Rab8 24. b3 Rdc8 25. Na2 Nd7 26. c4 bxc4 27. Rxc4 Bd5 28. Rxc8+ Rxc8 29. Bxa6 Ra8 30. Nb4 Bxb3 31. Rc1 Kf8 32. Rc7 Ba4 33. Bb7 Rb8 34. h3 Ke8 35. Nc6 1-0

[Event "Mersin op 6th"]
[Site "Mersin"]
[Date "2022.09.07"]
[Round "5"]
[White "Yurtseven, Melih"]
[Black "Baradaran Tamadon, Arian"]
[Result "1-0"]
[WhiteElo "2328"]
[BlackElo "2120"]
[PlyCount "95"]
[EventDate "2022.09.04"]
[EventType "swiss"]
[EventRounds "9"]
[EventCountry "TUR"]
[SourceTitle "CBM 210 Extra"]
[Source "ChessBase"]
[SourceDate "2022.11.30"]
[SourceVersion "1"]
[SourceVersionDate "2022.11.30"]
[SourceQuality "1"]

1. d4 d5 2. c4 e6 3. Nf3 Nf6 4. g3 Bb4+ 5. Bd2 Be7 6. Bg2 0-0 7. 0-0 c6 8. Bc3 dxc4 9. Ne5 b5 10. b3 cxb3 11. axb3 Bb7 12. Ba5 Qc8 13. b4 Nbd7 14. Nd3 Nd5 15. Nd2 Bf6 16. e3 e5 17. Bh3 Qe8 18. Bxd7 Qxd7 19. dxe5 Be7 20. Ne4 Rfe8 21. Ndc5 Bxc5 22. Nxc5 Qe7 23. e4 Nb6 24. Qd6 Rad8 25. Qxe7 Rxe7 26. Rfd1 Rde8 27. f4 Na4 28. Bd8 Nxc5 29. Bxe7 Na4 30. Rd7 Bc8 31. Rxa7 Bg4 32. Kg2 h6 33. h3 Be2 34. Kf2 Bc4 35. Ke3 Kh7 36. Rd1 c5 37. bxc5 Rc8 38. Rd8 Rxd8 39. Bxd8 Nxc5 40. Be7 Nd3 41. Rd7 Ne1 42. Rd2 Bb3 43. Rb2 Bc4 44. Bd6 Nd3 45. Rb1 h5 46. f5 g5 47. e6 fxe6 48. fxe6 1-0

[Event "IRI-ch U16"]
[Site "Chess.com INT"]
[Date "2021.01.16"]
[Round "1"]
[White "Hasan Poor, Mohammad Pooya"]
[Black "Baradaran Tamadon, Arian"]
[Result "0-1"]
[WhiteElo "1391"]
[BlackElo "2136"]
[PlyCount "76"]
[EventDate "2021.01.16"]
[EventType "swiss"]
[EventRounds "11"]
[EventCountry "IRI"]
[SourceTitle "EXT 2022"]
[Source "ChessBase"]
[SourceDate "2021.10.06"]
[SourceVersion "1"]
[SourceVersionDate "2021.10.06"]
[SourceQuality "1"]

1. d4 Nf6 2. Bf4 e6 3. e3 b6 4. Nf3 Bb7 5. Nbd2 Be7 6. h3 d6 7. Bc4 Nbd7 8. 0-0 0-0 9. c3 Re8 10. Re1 Nf8 11. e4 Ng6 12. Bh2 a6 13. e5 Nd5 14. Bb3 dxe5 15. Nxe5 Bd6 16. Ndf3 Ndf4 17. Qd2 Qf6 18. Ng4 Nxh3+ 19. Kf1 Qf5 20. Ne3 Qh5 21. Bxd6 cxd6 22. Bd1 Nhf4 23. Ng1 Qh2 24. f3 Nh5 25. Ng4 Ng3+ 26. Kf2 Qh4 27. Ke3 f5 28. Nf2 Ne5 29. Qc2 g5 30. Ngh3 g4 31. fxg4 fxg4 32. Nf4 Qg5 33. N2d3 Nxd3 34. Qxd3 e5 35. dxe5 Rxe5+ 36. Kd2 Qxf4+ 37. Re3 Rxe3 38. Qxe3 Nf1+ 0-1

[Event "Avicenna op 16th"]
[Site "Hamedan"]
[Date "2019.09.15"]
[Round "5"]
[White "Baradaran Tamadon, Arian"]
[Black "Daneshvar, Bardiya"]
[Result "0-1"]
[WhiteElo "2001"]
[BlackElo "2300"]
[PlyCount "84"]
[EventDate "2019.09.12"]
[EventType "swiss"]
[EventRounds "9"]
[EventCountry "IRI"]
[SourceTitle "EXT 2020"]
[Source "ChessBase"]
[SourceDate "2019.10.17"]
[SourceVersion "1"]
[SourceVersionDate "2019.10.17"]
[SourceQuality "1"]

1. e4 c6 2. Nc3 d5 3. Nf3 Nf6 4. e5 Ne4 5. Bd3 Nc5 6. Bf1 Bg4 7. d4 Ncd7 8. h3 Bxf3 9. Qxf3 e6 10. Qg3 Qb6 11. Ne2 c5 12. dxc5 Qxc5 13. c3 Nc6 14. f4 Qb6 15. b4 a5 16. Be3 Qc7 17. b5 Ne7 18. Bd4 Nf5 19. Qf3 Nc5 20. Ng3 Nxd4 21. cxd4 Ne4 22. Nxe4 dxe4 23. Qb3 Bb4+ 24. Kf2 0-0 25. Bc4 Bd2 26. Kg3 Rfc8 27. Rhd1 a4 28. b6 Qd8 29. Qc2 e3 30. Qd3 Qxb6 31. Rab1 Qc6 32. Bb5 Qd5 33. Rxd2 exd2 34. Qxd2 g6 35. Rb4 a3 36. Ba4 Qa5 37. Bb3 Rc6 38. f5 Rb6 39. fxe6 Qxb4 40. exf7+ Kg7 41. Qf4 Qe7 42. d5 Rxb3+ 0-1